01003nam a2200205 a 450000100100000000500170001000800410002704000250006810000410009324500520013426000760018630000210026250000550028350400730033850400330041195201200044495201110056495201050067599900170078000004216720201002040000.0131118s2013 dr 000 0 spa d aDO-SdBNPbspacBNPHU1 aEspinal Luna, Robert Enmanuel96917210aDuarte como es /cRobert Enmanuel Espinal Luna. aSantiago de los Caballeros, República Dominicana :bWikiprint,c2013. a186 p. ;c23 cm. aIncluye datos biográficos del autor en la solapa aIncluye referencias bibliográficas y notas al pie de las páginas aBibliografía : p. 179 -184 001052708DSaGRbGRcCTd2013-11-18iLF1l0o p42167-30r2020-06-25te. 3w2020-06-25yLFDSZPréstamo interno 0010718PDaPDbPDcCTd2013-11-18iLF1l0o p42167-10r2020-06-25te. 2w2020-06-25yLFPDZNo se presta 0010718PDaPDbPDcCTd2013-11-18iLF1l0o p42167-20r2020-06-25w2020-06-25yLFPDZNo se presta c41656d41656